<?xml version="1.0" encoding="UTF-8"?>
<record
    xmlns:xsi="http://www.w3.org/2001/XMLSchema-instance"
    xsi:schemaLocation="http://www.loc.gov/MARC21/slim http://www.loc.gov/standards/marcxml/schema/MARC21slim.xsd"
    xmlns="http://www.loc.gov/MARC21/slim">

  <leader>00795nam a22001817a 4500</leader>
  <controlfield tag="005">20260312175709.0</controlfield>
  <datafield tag="010" ind1=" " ind2=" ">
    <subfield code="a">BACHN26</subfield>
  </datafield>
  <datafield tag="020" ind1=" " ind2=" ">
    <subfield code="a">9789395247719</subfield>
    <subfield code="c">650.00</subfield>
  </datafield>
  <datafield tag="037" ind1=" " ind2=" ">
    <subfield code="b">&#x938;&#x94D;&#x91F;&#x93E;&#x930; &#x92A;&#x92C;&#x94D;&#x932;&#x93F;&#x915;&#x947;&#x936;&#x928; &#x92A;&#x94D;&#x930;.&#x932;&#x940;</subfield>
  </datafield>
  <datafield tag="082" ind1=" " ind2=" ">
    <subfield code="2">1</subfield>
    <subfield code="a">954</subfield>
  </datafield>
  <datafield tag="100" ind1=" " ind2=" ">
    <subfield code="a">&#x928;&#x947;&#x939;&#x930;&#x941;, &#x91C;&#x935;&#x93E;&#x939;&#x930; &#x932;&#x93E;&#x932; </subfield>
    <subfield code="9">88448</subfield>
  </datafield>
  <datafield tag="245" ind1=" " ind2=" ">
    <subfield code="a">&#x939;&#x93F;&#x902;&#x926;&#x941;&#x938;&#x94D;&#x924;&#x93E;&#x928; &#x915;&#x940; &#x915;&#x939;&#x93E;&#x928;&#x940;/</subfield>
    <subfield code="b">&#x91C;&#x935;&#x93E;&#x939;&#x930; &#x932;&#x93E;&#x932; &#x928;&#x947;&#x939;&#x930;&#x941;</subfield>
  </datafield>
  <datafield tag="250" ind1=" " ind2=" ">
    <subfield code="a">1</subfield>
  </datafield>
  <datafield tag="260" ind1=" " ind2=" ">
    <subfield code="b">&#x938;&#x94D;&#x91F;&#x93E;&#x930; &#x92A;&#x92C;&#x94D;&#x932;&#x93F;&#x915;&#x947;&#x936;&#x928; &#x92A;&#x94D;&#x930;.&#x932;&#x940;</subfield>
    <subfield code="c">2025</subfield>
    <subfield code="a">&#x926;&#x93F;&#x932;&#x94D;&#x932;&#x940;</subfield>
  </datafield>
  <datafield tag="300" ind1=" " ind2=" ">
    <subfield code="a">648&#x92A;&#x943;.</subfield>
    <subfield code="c">22&#x938;&#x947;&#x92E;&#x940;(&#x938;&#x93E;&#x91C;&#x93F;&#x932;&#x94D;&#x926;)</subfield>
  </datafield>
  <datafield tag="500" ind1=" " ind2=" ">
    <subfield code="a">&#x92A;&#x94D;&#x930;&#x93E;&#x925;&#x92E;&#x93F;&#x915; &#x90F;&#x935;&#x902; &#x92E;&#x941;&#x916;&#x94D;&#x92F; &#x92A;&#x930;&#x940;&#x915;&#x94D;&#x937;&#x93E; &#x92A;&#x920;&#x92F;&#x915;&#x94D;&#x930;&#x92E;</subfield>
  </datafield>
  <datafield tag="942" ind1=" " ind2=" ">
    <subfield code="2">ddc</subfield>
    <subfield code="m">&#x928;&#x947;&#x939;&#x930;&#x941; </subfield>
    <subfield code="c">HN</subfield>
    <subfield code="h">954</subfield>
  </datafield>
  <datafield tag="999" ind1=" " ind2=" ">
    <subfield code="c">215526</subfield>
    <subfield code="d">215526</subfield>
  </datafield>
</record>
